000
00231nam a2200097Ia 4500
005
20251222114413.0
008
251222s1900||||xx |||||||||||||| ||spa||
082
_a
DVD0070/H29/2011/Ej.2
245
4
_a
The artist:El artista
942
_c
DVD
999
_c
2118
_d
2118